[Event "94th ch-GBR"]
[Site "Great Yarmouth ENG"]
[Date "2007.07.01"]
[Round "3"]
[White "Kosten,A"]
[Black "Bonafont,P"]
[Result "1-0"]
[WhiteElo "2508"]
[BlackElo "2098"]
[EventDate "2007.07.30"]

1. c4 c5 2. g3 g6 3. Bg2 Bg7 4. Nc3 Nc6 5. a3 d6 6. Nf3 e5 7. O-O Nge7 8.
b4 cxb4 9. axb4 Nxb4 10. Ba3 Nbc6 11. Nb5 O-O 12. Nxd6 Rb8 13. Rb1 Qa5 14.
Qc1 h6 15. Nxc8 Rfxc8 16. Bd6 Ra8 17. Bxe7 Nxe7 18. Rxb7 Nf5 19. d3 e4 20.
Ne1 Nd4 21. Qd1 exd3 22. Nxd3 Rab8 23. e3 Ne6 24. Rxb8 Rxb8 25. Bd5 Qc3 26.
Qe2 Nc7 27. Rc1 Qa3 28. Bf3 a5 29. Rd1 a4 30. Bc6 Rb6 31. Bd7 Rd6 32. Nf4
Rb6 33. Qc2 Rb3 34. Qe4 Rb4 35. Be8 Nxe8 36. Qxe8+ Bf8 37. Rd7 Qa1+ 38. Kg2
Qg7 39. Ne6 fxe6 40. Qxe6+ Kh8 41. Rxg7 Kxg7 42. c5 a3 43. c6 1-0

[Event "94th ch-GBR"]
[Site "Great Yarmouth ENG"]
[Date "2007.07.01"]
[Round "3"]
[White "Poobalasingam,P"]
[Black "Ward,C"]
[Result "0-1"]
[WhiteElo "2133"]
[BlackElo "2439"]
[EventDate "2007.07.30"]

1. d4 e6 2. Nf3 c5 3. c3 Nf6 4. g3 b6 5. Bg2 Bb7 6. O-O Be7 7. a4 Nc6 8.
Na3 Rc8 9. Ne5 d5 10. Nxc6 Bxc6 11. dxc5 bxc5 12. c4 d4 13. Bxc6+ Rxc6 14.
e3 O-O 15. Re1 Qd7 16. Rb1 Rb8 17. exd4 cxd4 18. Bf4 Rb7 19. Nb5 a6 20.
Nxd4 Rxc4 21. Nf3 Qxd1 22. Rexd1 Nd5 23. Rdc1 Rxc1+ 24. Bxc1 f6 25. Bd2 Rb3
26. Kg2 Kf7 27. Ba5 Ba3 28. Ra1 Bb4 29. Bxb4 Rxb4 30. Ra2 Nb6 31. Ra1 Rxb2
32. Rc1 Nd5 33. Rc6 Rb6 34. Rc5 Rb2 35. Ne1 Ra2 36. Nd3 Rxa4 37. Rc6 Rd4
38. Nc5 Rc4 39. Nxe6 Rxc6 40. Nd8+ Ke7 41. Nxc6+ Kd6 42. Nd4 Kc5 43. Ne6+
Kc4 44. Kf3 a5 45. Ke2 a4 46. Kd2 a3 47. Kc2 g5 48. h4 g4 49. Ng7 Nb4+ 50.
Kb1 Kb3 51. Ne6 a2+ 0-1

[Event "94th ch-GBR"]
[Site "Great Yarmouth ENG"]
[Date "2007.07.01"]
[Round "3"]
[White "Rudd,J"]
[Black "Makepeace,P"]
[Result "0-1"]
[WhiteElo "2370"]
[BlackElo "1978"]
[EventDate "2007.07.30"]

1. e4 c6 2. d4 d5 3. Nd2 dxe4 4. Nxe4 h6 5. Nf3 Bf5 6. Ng3 Bh7 7. Bc4 e6 8.
Qe2 Nf6 9. Ne5 Nd5 10. O-O Nd7 11. Bb3 Nxe5 12. dxe5 Qc7 13. Bd2 O-O-O 14.
Rad1 Bc5 15. Kh1 Bd4 16. Ba5 Bb6 17. Bxb6 Qxb6 18. Qf3 Bg6 19. Ne4 Bxe4 20.
Qxe4 g5 21. Qf3 Qc7 22. Rde1 h5 23. c4 Nf4 24. Bc2 h4 25. Qe3 Qb6 26. Be4
Rhf8 27. c5 Qb4 28. g3 hxg3 29. fxg3 Nd5 30. Qf2 f5 31. Bg2 Kb8 32. Qc2 Rh8
33. a3 Qa5 34. b4 Qxa3 35. Ra1 Qxg3 36. Bxd5 Rxd5 37. Rf2 Qxe5 38. Qa2 Qe4+
39. Kg1 a6 40. b5 Rh4 0-1

[Event "94th ch-GBR"]
[Site "Great Yarmouth ENG"]
[Date "2007.07.01"]
[Round "3"]
[White "De Coverly,R"]
[Black "Briscoe,C"]
[Result "0-1"]
[WhiteElo "2086"]
[BlackElo "2224"]
[EventDate "2007.07.30"]

1. Nf3 Nf6 2. g3 e6 3. Bg2 d5 4. c4 dxc4 5. Qa4+ Bd7 6. Qxc4 Bc6 7. O-O Be7
8. d4 O-O 9. Nbd2 Na6 10. a3 Bd5 11. Qc2 c5 12. e4 Bc6 13. dxc5 Nxc5 14.
Ne5 Bb5 15. Ndc4 Ba4 16. Qe2 Nb3 17. Rb1 Nd4 18. Qe3 Bc2 19. Ra1 Nb3 20.
Ra2 Bc5 21. Qc3 Nxc1 22. Rxc1 Bxe4 23. b3 Bd4 24. Qd2 b5 25. Rd1 Bxg2 26.
Qxd4 Bd5 27. Nd2 Qe7 28. Qb4 Qc7 29. Ndf3 Rab8 30. Rb2 Qb7 31. Qf4 h6 32.
b4 a6 33. Rbd2 Rbc8 34. Ne1 Rc3 35. Rd3 Rxd3 36. N1xd3 Nd7 37. Rd2 Nxe5 38.
Qxe5 Bh1 39. f4 Qd5 40. Qxd5 Bxd5 41. Nc5 Ra8 42. Nd7 Rc8 43. Nc5 a5 44. f5
axb4 45. axb4 Ra8 46. Kf2 Ra1 47. Ke3 Rb1 48. Na6 Kf8 49. fxe6 fxe6 50. Rc2
Bc4 51. Kd4 Ra1 52. Nb8 Ke7 53. Kc5 e5 54. Nc6+ Ke6 55. Nd8+ Kf5 56. Nb7
Ke4 57. Rc3 Rd1 58. Nd6+ Rxd6 59. Kxd6 Kd4 60. Ra3 e4 61. Ra7 g6 62. Kc6 e3
63. Rd7+ Kc3 64. Kc5 e2 65. Re7 Kd2 66. Rd7+ Bd3 0-1

[Event "94th ch-GBR"]
[Site "Great Yarmouth ENG"]
[Date "2007.07.01"]
[Round "3"]
[White "James,R"]
[Black "Fowler,S"]
[Result "1/2-1/2"]
[WhiteElo "2238"]
[BlackElo "2204"]
[EventDate "2007.07.30"]

1. d4 d5 2. Nf3 c6 3. c4 e6 4. Bg5 f6 5. Bf4 g5 6. Bxb8 Rxb8 7. e3 g4 8.
Nfd2 e5 9. Nc3 dxc4 10. Bxc4 b5 11. Qb3 Nh6 12. dxe5 Qc7 13. Be6 Qxe5 14.
Bxc8 Rxc8 15. O-O-O a5 16. f4 a4 17. fxe5 axb3 18. Nxb3 fxe5 19. Ne4 Nf5
20. Nf6+ Ke7 21. Nxg4 Rg8 22. h3 h5 23. Nxe5 Rxg2 24. Rhg1 Rxg1 25. Rxg1
Bh6 26. Rg6 Bxe3+ 27. Kc2 c5 28. Na5 Nd4+ 29. Kd3 Bf4 30. Ke4 Bxe5 31. Kxe5
Kf7 32. Ra6 Nc2 33. Nc6 Re8+ 34. Kf5 Ne3+ 35. Kg5 Rg8+ 36. Kf4 Nd5+ 37. Ke4
Nb4 38. Ne5+ Ke7 39. Ra7+ Kf6 40. a3 Nc2 41. Ra6+ Ke7 42. Rh6 Rg3 43. Rxh5
Rb3 44. Rh7+ Ke6 45. Nd3 Kf6 46. Nxc5 Rxb2 47. Rh6+ Kg7 48. Ra6 Ra2 49.
Ne6+ Kf7 1/2-1/2

[Event "94th ch-GBR"]
[Site "Great Yarmouth ENG"]
[Date "2007.07.01"]
[Round "3"]
[White "Rowson,J"]
[Black "Adams,D"]
[Result "1-0"]
[WhiteElo "2599"]
[BlackElo "2234"]
[EventDate "2007.07.30"]

1. d4 d5 2. c4 c6 3. Nf3 Nf6 4. Nc3 g6 5. e3 Bg7 6. Be2 O-O 7. O-O Nbd7 8.
h3 a6 9. a4 b6 10. b4 Bb7 11. Ba3 Re8 12. Qb3 e6 13. Rac1 Rc8 14. Rfd1 Qc7
15. cxd5 Nxd5 16. Ne4 Bf8 17. b5 axb5 18. axb5 c5 19. Ned2 f5 20. dxc5 bxc5
21. Ng5 h6 22. Ngf3 N7b6 23. Bf1 Nf6 24. Bb2 Bd5 25. Qc2 Bg7 26. Ne5 g5 27.
Ndc4 Red8 28. Ra1 Ra8 29. Ra6 Rxa6 30. bxa6 Ra8 31. Ra1 Nfd7 32. Nxd7 Nxd7
33. Bxg7 Kxg7 34. Qb2+ Kh7 35. Ra3 Rb8 36. Qc2 Nb6 37. Nd2 c4 38. e4 fxe4
39. Nxe4 Kg7 40. Ng3 Qf7 41. a7 Rc8 42. Qb2+ c3 43. Qxb6 c2 44. Qb2+ Kh7
45. Bd3+ 1-0

[Event "94th ch-GBR"]
[Site "Great Yarmouth ENG"]
[Date "2007.07.01"]
[Round "3"]
[White "Hebden,M"]
[Black "Wise,D"]
[Result "1-0"]
[WhiteElo "2540"]
[BlackElo "2189"]
[EventDate "2007.07.30"]

1. d4 Nf6 2. Nf3 c5 3. d5 e6 4. Nc3 exd5 5. Nxd5 Nxd5 6. Qxd5 Be7 7. e4 O-O
8. Be2 d6 9. O-O Nc6 10. c3 Be6 11. Qh5 f5 12. Ng5 Bxg5 13. Bxg5 Qe8 14.
Qxe8 Raxe8 15. Rfd1 fxe4 16. Rxd6 Ne5 17. Be3 Bc4 18. Bxc4+ Nxc4 19. Rd7
Nxe3 20. fxe3 Rf7 21. Rad1 b6 22. c4 Rfe7 23. Kf2 Kf7 24. Kg3 g6 25. h4 Ke6
26. R1d6+ Kf5 27. Rd5+ Kf6 28. b3 Ke6 29. R7d6+ Kf7 30. a4 Re6 31. Kf4 Rxd6
32. Rxd6 Re7 33. g4 Kg7 34. Rd8 h6 35. Rd5 Rf7+ 36. Kxe4 Rf1 37. Ke5 Rg1
38. Rd7+ Kg8 39. Rxa7 Rxg4 40. Rb7 g5 41. h5 Rg3 42. e4 Rf3 43. Rxb6 1-0

[Event "94th ch-GBR"]
[Site "Great Yarmouth ENG"]
[Date "2007.07.01"]
[Round "3"]
[White "Williams,Si1"]
[Black "Spence,D"]
[Result "1-0"]
[WhiteElo "2480"]
[BlackElo "2183"]
[EventDate "2007.07.30"]

1. c4 c5 2. Nc3 Nc6 3. g3 g6 4. Bg2 Bg7 5. Rb1 d6 6. a3 a5 7. d3 e5 8. Nf3
Nge7 9. O-O O-O 10. Bg5 f6 11. Bd2 Be6 12. Ne1 d5 13. cxd5 Nxd5 14. Nc2 Nd4
15. Ne3 Nxe3 16. fxe3 Nb3 17. Bxb7 Ra7 18. Bc6 c4 19. Be1 Nc5 20. dxc4 Bxc4
21. Qxd8 Rxd8 22. b4 axb4 23. axb4 Nb3 24. b5 e4 25. Bxe4 f5 26. Bd3 Bf7
27. Rf4 Bh6 28. Rb4 Bxe3+ 29. Bf2 Bxf2+ 30. Kxf2 Nc5 31. Bc4 Ra3 32. Bxf7+
Kxf7 33. Rc1 Nb3 34. Rd1 Nd2 35. Rxd2 Rxd2 36. Nb1 Rda2 37. Nxa3 Rxa3 38.
b6 Ra8 39. Ke3 Ke6 40. Kf4 Kf6 41. b7 g5+ 42. Ke3 Rb8 43. Kd4 f4 44. g4 1-0

[Event "94th ch-GBR"]
[Site "Great Yarmouth ENG"]
[Date "2007.07.01"]
[Round "3"]
[White "Haslinger,S"]
[Black "Constantinou,P"]
[Result "1/2-1/2"]
[WhiteElo "2468"]
[BlackElo "2173"]
[EventDate "2007.07.30"]

1. e4 g6 2. d4 Bg7 3. Nf3 d6 4. Nc3 c6 5. Be3 Qb6 6. Rb1 Nf6 7. h3 Qc7 8.
a4 Nbd7 9. Be2 O-O 10. O-O e5 11. Re1 Re8 12. Bf1 exd4 13. Bxd4 b6 14. Nd2
Bb7 15. Nc4 Rad8 16. Qd2 c5 17. Bxf6 Nxf6 18. Nd5 Bxd5 19. exd5 Nd7 20. Na3
Re5 21. f4 Bh6 22. g3 Nf6 23. Bg2 Qd7 24. b3 Rde8 25. Nc4 Rxe1+ 26. Rxe1
Bf8 27. g4 h5 28. g5 Rxe1+ 29. Qxe1 Ne8 30. Qe4 Ng7 31. Ne3 Nf5 32. Nxf5
Qxf5 33. Qxf5 gxf5 34. Bf3 h4 35. Bh5 Bg7 36. Kf2 Bd4+ 37. Ke2 Kg7 38. Kd3
Bf2 39. Kd2 Bd4 40. Kd3 Bb2 41. Kc4 a6 42. Be2 Bd4 43. Kd3 Bf2 44. Kd2 a5
45. Kd3 Bg3 46. Kc4 Bxf4 47. Kb5 Bxg5 48. Kxb6 Bd2 49. Kc6 Bf4 50. Kb5 Bd2
51. Kc6 Bf4 52. c3 Be5 53. b4 cxb4 54. cxb4 axb4 55. Bd1 Kf8 56. Kd7 f4 57.
a5 f5 58. a6 Bd4 59. Kxd6 f3 60. Bxf3 b3 61. Be2 f4 62. Kc7 b2 63. Bd3 f3
64. d6 f2 65. a7 Bxa7 66. d7 Bb6+ 67. Kxb6 b1=Q 68. Bxb1 f1=Q 69. d8=Q+ Kg7
70. Qg5+ Kf8 71. Qh6+ Ke7 72. Qe3+ Kf8 73. Qc5+ Kg7 74. Bf5 Qe1 75. Qd4+
Kf7 76. Be4 Qg3 77. Qd7+ Kf6 78. Qf5+ Ke7 79. Bd5 Qd6+ 80. Ka5 Qf6 81. Qe4+
Kd6 82. Kb4 Qe7 83. Qc4 Qe1+ 84. Kb5 Qe5 85. Qc6+ Ke7 86. Qc5+ Kf6 87. Qf8+
Kg5 88. Qg8+ Kh6 89. Qf8+ Kg5 90. Qg8+ Kh6 91. Qg2 Qg3 92. Qd2+ Qg5 93. Qd3
Qe5 94. Kc6 Kg5 95. Be4 Qg3 96. Qd5+ Kf6 97. Qf5+ Ke7 98. Qh7+ Kf6 99. Kd7
Qg7+ 100. Ke8 Qxh7 101. Bxh7 Kg7 102. Bf5 Kh8 103. Ke7 Kg7 104. Bg4 Kh8
1/2-1/2

[Event "94th ch-GBR"]
[Site "Great Yarmouth ENG"]
[Date "2007.07.01"]
[Round "3"]
[White "Rendle,T"]
[Black "Armstrong,M"]
[Result "1-0"]
[WhiteElo "2416"]
[BlackElo "2126"]
[EventDate "2007.07.30"]

1. e4 c6 2. c4 e5 3. Nc3 Nf6 4. f4 d6 5. d3 Be7 6. Nf3 Qc7 7. g3 a6 8. a4
a5 9. Bg2 Nbd7 10. Qe2 Nc5 11. Be3 b6 12. O-O Ng4 13. Bxc5 bxc5 14. f5 Nh6
15. h3 f6 16. Nd1 Rb8 17. Ne3 Bd7 18. Rf2 O-O 19. g4 Nf7 20. Qc2 Rb4 21. b3
Rfb8 22. Nd2 Be8 23. Kh2 h6 24. Bf3 Ng5 25. Be2 Qa7 26. h4 Nf7 27. Rg1 Qc7
28. Bd1 Bd7 29. Kg2 Bc8 30. Kf1 Qd8 31. Rfg2 R4b7 32. Bf3 Rd7 33. Ke1 Bb7
34. Kd1 Ba8 35. Kc1 Rb6 36. Kb2 Rb4 37. Ka2 Rdb7 38. Rb1 Rd7 39. Ndf1 Kf8
40. Ng3 Rdb7 41. Ne2 Rd7 42. Ng1 Rdb7 43. Nh3 Rb8 44. Qc3 R4b7 45. Qe1 Rb4
46. Nf2 Qb6 47. Qd1 Qd8 48. Qc2 R4b7 49. Nfd1 Rb4 50. Nc3 R4b7 51. Ned1 Rd7
52. Nf2 Rdb7 53. Nh3 Rb4 54. Qd2 Qb6 55. Bd1 Qd8 56. Qe2 R4b7 57. Bc2 Rd7
58. Rbg1 Bb7 59. Rg3 Ba8 60. R1g2 Rb4 61. Bd1 Rdb7 62. Qc2 Rd7 63. Nb1 Rdb7
64. Nd2 Rd7 65. g5 fxg5 66. Bh5 Bf6 67. hxg5 Nxg5 68. Nxg5 Bxg5 69. Rxg5
hxg5 70. Nf3 Rdb7 71. Nxg5 Qb6 72. Ne6+ Kg8 73. f6 Rxb3 74. f7+ Rxf7 75.
Bxf7+ Kxf7 76. Qf2+ Kxe6 77. Qf5+ 1-0

[Event "94th ch-GBR"]
[Site "Great Yarmouth ENG"]
[Date "2007.07.01"]
[Round "3"]
[White "Hanley,Ja"]
[Black "Bellin,R"]
[Result "0-1"]
[WhiteElo "2213"]
[BlackElo "2403"]
[EventDate "2007.07.30"]

1. e4 c5 2. Nf3 d6 3. d4 cxd4 4. Nxd4 Nf6 5. Nc3 Nc6 6. Bg5 e6 7. Qd2 a6 8.
O-O-O Bd7 9. f4 Be7 10. Nf3 b5 11. Bxf6 gxf6 12. Kb1 Qb6 13. f5 O-O-O 14.
g3 Kb8 15. fxe6 fxe6 16. Bh3 Bc8 17. Qe1 Rhe8 18. Ne2 Bf8 19. Nf4 Qc5 20.
Rf1 b4 21. Rf2 Bg7 22. Rfd2 a5 23. Rd3 Ne5 24. Nxe5 Qxe5 25. Rb3 Bb7 26. a3
Bxe4 27. Qe3 Rd7 28. Qb6+ Rb7 29. Qxd6+ Qxd6 30. Rxd6 f5 31. Ra6 bxa3 32.
Rxb7+ Kxb7 33. Rxa5 Bxb2 34. Bf1 e5 35. Nd3 Bxd3 36. Bxd3 e4 37. Be2 Ra8
38. Rb5+ Kc6 39. Ka2 Rf8 40. Rb4 Kc5 41. Ra4 Rd8 42. Rc4+ Kd5 43. Ra4 Ke5
44. Bc4 Rd2 45. Ra5+ Kd4 46. Kb3 Rf2 47. c3+ Ke3 48. Be6 f4 49. gxf4 Rxf4
50. Rh5 Kf2 0-1

[Event "94th ch-GBR"]
[Site "Great Yarmouth ENG"]
[Date "2007.07.01"]
[Round "3"]
[White "Roberson,P"]
[Black "Knott,S"]
[Result "0-1"]
[WhiteElo "2209"]
[BlackElo "2374"]
[EventDate "2007.07.30"]

1. e4 e6 2. d4 d5 3. Nd2 c5 4. Ngf3 cxd4 5. Nxd4 Nf6 6. exd5 Qxd5 7. Nb5
Na6 8. Nc3 Qd6 9. Bc4 Nb4 10. O-O a6 11. a3 Nc6 12. Nde4 Qxd1 13. Rxd1 Be7
14. Nd6+ Bxd6 15. Rxd6 Ke7 16. Rd1 b5 17. Be2 Bb7 18. Be3 Rhd8 19. Rxd8
Rxd8 20. Bf3 Rd7 21. a4 b4 22. Bc5+ Ke8 23. Bxc6 Bxc6 24. Bxb4 Rd2 25. Rc1
Rd4 26. Ba3 Bxa4 27. Nxa4 Rxa4 28. c4 Ne4 29. c5 Nd2 30. g3 Rc4 31. Rd1 Nb3
32. Kf1 Nxc5 33. Bxc5 Rxc5 34. Ra1 a5 35. Ra4 Rb5 36. Ke1 Kd7 37. Kd1 Rxb2
0-1

[Event "94th ch-GBR"]
[Site "Great Yarmouth ENG"]
[Date "2007.07.01"]
[Round "3"]
[White "Lalic,S"]
[Black "Griffiths,R"]
[Result "1-0"]
[WhiteElo "2350"]
[BlackElo "2046"]
[EventDate "2007.07.30"]

1. e4 c5 2. Nc3 a6 3. g3 b5 4. Bg2 Bb7 5. Nge2 Nf6 6. O-O d6 7. d4 cxd4 8.
Nxd4 e6 9. Re1 Qc7 10. a4 bxa4 11. Nxa4 Be7 12. c4 O-O 13. b3 Nc6 14. Bb2
Nd7 15. Nxc6 Bxc6 16. Nc3 Bf6 17. Qc2 Rfd8 18. Rad1 Rab8 19. Ba3 Qa5 20.
Nb1 Nf8 21. Re2 Qb6 22. Bxd6 Qxb3 23. Qxb3 Rxb3 24. e5 Bxg2 25. Kxg2 Bg5
26. f4 Bh6 27. c5 Rc8 28. Ra2 Rc6 29. Nd2 Rd3 30. Rb1 Nd7 31. Rb7 Nf8 32.
Rb8 g6 33. Ne4 1-0

[Event "94th ch-GBR"]
[Site "Great Yarmouth ENG"]
[Date "2007.07.01"]
[Round "3"]
[White "Chapman,T"]
[Black "Eggleston,D"]
[Result "0-1"]
[WhiteElo "2200"]
[BlackElo "2330"]
[EventDate "2007.07.30"]

1. Nf3 Nf6 2. c4 e6 3. g3 b6 4. Bg2 Bb7 5. O-O Be7 6. b3 O-O 7. Bb2 d5 8.
e3 dxc4 9. bxc4 c5 10. Qe2 Nbd7 11. Rd1 Qc7 12. Nc3 a6 13. d3 Rac8 14. Rab1
Rfd8 15. Ba1 Bc6 16. Ne1 Bxg2 17. Kxg2 Rb8 18. Kg1 Ne5 19. f4 Nc6 20. Qf3
Rb7 21. Rb3 Rdb8 22. a4 Nb4 23. g4 Ne8 24. Rd2 Nd6 25. Ne4 Nxe4 26. Qxe4
Qd7 27. Ra3 b5 28. axb5 axb5 29. cxb5 Qxb5 30. f5 exf5 31. gxf5 Re8 32. Qg4
f6 33. Rb3 Bd6 34. Nf3 Rxe3 35. Bxf6 Rxf3 36. Qxf3 gxf6 37. Rg2+ Kh8 38.
Ra3 Qe8 39. Qxb7 Qe1+ 0-1

[Event "94th ch-GBR"]
[Site "Great Yarmouth ENG"]
[Date "2007.07.01"]
[Round "3"]
[White "Tippleston,C"]
[Black "Snape,I"]
[Result "0-1"]
[WhiteElo "2178"]
[BlackElo "2255"]
[EventDate "2007.07.30"]

1. b3 d5 2. Bb2 Bg4 3. g3 Nd7 4. Bg2 Ngf6 5. h3 Bh5 6. d3 h6 7. Nf3 Bxf3 8.
Bxf3 e5 9. c4 Bb4+ 10. Bc3 Bxc3+ 11. Nxc3 d4 12. Ne4 Nxe4 13. Bxe4 c6 14.
O-O O-O 15. Bg2 f5 16. b4 Rf6 17. c5 Kh8 18. Qb3 Qe7 19. Qb2 Rg6 20. Kh2 h5
21. e3 h4 22. exd4 Qg5 23. Kh1 hxg3 24. dxe5 f4 25. fxg3 Qxg3 26. Rf3 Qg5
27. d4 Nf8 28. Qf2 Ne6 29. Rg1 Rd8 30. Rd3 Qf5 31. Rgd1 Ng5 32. Qf1 Rh6 33.
Kg1 f3 34. Rxf3 Nxf3+ 35. Qxf3 Qxf3 36. Bxf3 Rxh3 37. Kg2 Rh4 38. d5 cxd5
39. Bxd5 g5 40. e6 Rh7 41. Kf3 Kg7 42. Ke4 Kf6 43. Rf1+ Ke7 44. Ke5 g4 45.
Rf5 Rg7 46. Bxb7 g3 47. b5 Rc8 48. Kd4 g2 49. Bxg2 Rxg2 50. Rf7+ Kxe6 51.
Rxa7 Rg4+ 52. Kd3 Rxc5 53. a4 Rh5 54. b6 Rh3+ 55. Ke2 Rb4 0-1

[Event "94th ch-GBR"]
[Site "Great Yarmouth ENG"]
[Date "2007.07.01"]
[Round "3"]
[White "Howell,D"]
[Black "Hall,Dan"]
[Result "1-0"]
[WhiteElo "2519"]
[BlackElo "2113"]
[EventDate "2007.07.30"]

1. e4 c5 2. Nf3 e6 3. c3 d5 4. exd5 exd5 5. d4 Nc6 6. Bb5 Bd6 7. O-O Nge7
8. dxc5 Bxc5 9. Nbd2 O-O 10. Nb3 Bb6 11. Re1 Nf5 12. Bd3 h6 13. Bc2 Qd6 14.
Qd3 Rd8 15. Bd2 d4 16. c4 Bc7 17. Re4 Qg6 18. Rae1 f6 19. c5 Be5 20. Nxe5
fxe5 21. Rxe5 Nxe5 22. Rxe5 Qf6 23. Rxf5 Bxf5 24. Qxf5 Qxf5 25. Bxf5 Kf7
26. Be4 Rab8 27. Bf4 Re8 28. f3 1-0

[Event "94th ch-GBR"]
[Site "Great Yarmouth ENG"]
[Date "2007.07.01"]
[Round "3"]
[White "Smith,G"]
[Black "Sowray,P"]
[Result "1-0"]
[WhiteElo "2129"]
[BlackElo "2352"]
[EventDate "2007.07.30"]

1. e4 c5 2. Nf3 d6 3. Nc3 Nf6 4. d4 cxd4 5. Qxd4 a6 6. Be3 e5 7. Qa4+ Nbd7
8. Bc4 h6 9. Qb3 Qe7 10. O-O-O g6 11. Rd2 Nb8 12. Rhd1 Nc6 13. Rxd6 Bg7 14.
Bc5 Qc7 15. Bb6 Qe7 16. Rd8+ Nxd8 17. Rxd8+ Qxd8 18. Bxd8 Kxd8 19. Bxf7 Kc7
20. Qc4+ Kb8 21. Qc5 Ra7 22. Qxe5+ Ka8 23. Nd5 b5 24. Bxg6 Nxd5 25. Qxd5+
Kb8 26. Ne5 Rc7 27. Nc6+ Ka8 28. Na5+ Ka7 29. e5 Rf8 30. Qd4+ Kb8 31. Qb6+
Bb7 32. Be4 1-0

[Event "94th ch-GBR"]
[Site "Great Yarmouth ENG"]
[Date "2007.07.01"]
[Round "3"]
[White "Kwiatkowski,F"]
[Black "Zhou,Y"]
[Result "1-0"]
[WhiteElo "2255"]
[BlackElo "2069"]
[EventDate "2007.07.30"]

1. e4 c5 2. Nf3 Nc6 3. d4 cxd4 4. Nxd4 Qb6 5. Nb5 a6 6. Be3 Qd8 7. Nd4 e5
8. Ne2 Nf6 9. Nbc3 d5 10. Nxd5 Nxd5 11. exd5 Nb4 12. Nc3 Bf5 13. Rc1 Rc8
14. Qd2 Bc5 15. a3 Bxe3 16. fxe3 Rxc3 17. Qxc3 Qh4+ 18. g3 Nxc2+ 19. Rxc2
Qe4 20. Rd2 Bg4 21. Bg2 Qb1+ 22. Kf2 Qf5+ 23. Kg1 Qb1+ 24. Bf1 O-O 25. Qd3
Qe1 26. Rf2 f5 27. h3 Bh5 28. Qd2 Qb1 29. Kh2 1-0

[Event "94th ch-GBR"]
[Site "Great Yarmouth ENG"]
[Date "2007.07.01"]
[Round "3"]
[White "Wilson,A"]
[Black "Mason,D"]
[Result "1/2-1/2"]
[WhiteElo "2066"]
[BlackElo "2251"]
[EventDate "2007.07.30"]

1. e4 c5 2. Nf3 Nc6 3. Bb5 g6 4. O-O Bg7 5. c3 Nf6 6. Re1 O-O 7. d4 cxd4 8.
cxd4 d5 9. e5 Ne4 10. Nc3 Nxc3 11. bxc3 Bd7 12. a4 Na5 13. Ba3 Rc8 14. Bc5
b6 15. Bb4 Nc4 16. Bxc4 Rxc4 17. a5 Bg4 18. axb6 axb6 19. h3 Bxf3 20. Qxf3
Qd7 21. Qe2 Re8 22. Ra6 Qb5 23. Ra7 Rxb4 24. cxb4 Qxb4 25. Qe3 Bh6 26. Qe2
Qxd4 27. e6 Qb4 28. exf7+ Kxf7 29. Qe5 d4 30. Re4 Qc5 31. Qxd4 Qxd4 32.
Rxd4 Rb8 33. Rdd7 Bg5 34. Rab7 Rc8 35. Rxb6 Rc1+ 36. Kh2 Rc2 37. Kg3 Bf6
38. Rb3 Be5+ 39. f4 Bd6 40. Kf3 Bc5 41. g3 h5 42. Ke4 Ke6 43. Rd1 Re2+ 44.
Kd3 Rh2 45. h4 Rg2 46. Kc4 Rc2+ 47. Kd3 Rg2 48. Kc4 1/2-1/2

[Event "94th ch-GBR"]
[Site "Great Yarmouth ENG"]
[Date "2007.07.01"]
[Round "3"]
[White "Anderton,M"]
[Black "Jain,A2"]
[Result "1/2-1/2"]
[WhiteElo "2229"]
[BlackElo "2002"]
[EventDate "2007.07.30"]

1. e4 c5 2. Nf3 e6 3. c3 Nf6 4. e5 Nd5 5. Bc4 d6 6. d4 cxd4 7. cxd4 Be7 8.
O-O O-O 9. exd6 Qxd6 10. Nc3 Nxc3 11. bxc3 Nd7 12. Re1 Nf6 13. Bb3 b6 14.
Ne5 Bb7 15. c4 Rfd8 16. Bb2 Qc7 17. Qd3 Bd6 18. Qh3 Be4 19. Qh4 Qb7 20. Re3
Be7 21. Rae1 Bf5 1/2-1/2

[Event "94th ch-GBR"]
[Site "Great Yarmouth ENG"]
[Date "2007.07.01"]
[Round "3"]
[White "Walker,Mart"]
[Black "Grigoryan Lyell,M"]
[Result "1-0"]
[WhiteElo "2262"]
[BlackElo "2048"]
[EventDate "2007.07.30"]

1. e4 e5 2. Nf3 Nc6 3. Bb5 a6 4. Ba4 Nf6 5. O-O b5 6. Bb3 Be7 7. Re1 O-O 8.
d4 d6 9. c3 Bg4 10. Be3 Na5 11. Bc2 Nc4 12. Bc1 exd4 13. cxd4 c5 14. b3 Nb6
15. Nbd2 cxd4 16. h3 Bh5 17. Bb2 Nfd7 18. g4 d3 19. Bxd3 Bg6 20. Nd4 Rc8
21. f4 h6 22. N2f3 Re8 23. f5 Bh7 24. a4 bxa4 25. Bxa6 Rc5 26. bxa4 Bf6 27.
Qd3 d5 28. exd5 Rxe1+ 29. Rxe1 Nxa4 30. Nc6 Nxb2 31. Nxd8 Nxd3 32. Bxd3
Bxd8 33. Re8+ Nf8 34. Rxd8 Rc3 35. Ne5 g6 36. f6 g5 37. Bxh7+ Kxh7 38. Rxf8
1-0

[Event "94th ch-GBR"]
[Site "Great Yarmouth ENG"]
[Date "2007.07.01"]
[Round "3"]
[White "McEwan,K"]
[Black "White,E"]
[Result "1/2-1/2"]
[WhiteElo "2170"]
[BlackElo "1969"]
[EventDate "2007.07.30"]

1. e4 e5 2. Nf3 Nc6 3. Bb5 a6 4. Ba4 Nf6 5. O-O Be7 6. Re1 b5 7. Bb3 d6 8.
c3 O-O 9. h3 Na5 10. Bc2 c5 11. d3 Nc6 12. Nbd2 h6 13. Nf1 Re8 14. d4 Qc7
15. dxc5 dxc5 16. Qe2 Bf8 17. Bd2 Be6 18. Red1 Na5 19. b3 Nc6 20. Rac1 c4
21. b4 1/2-1/2

[Event "94th ch-GBR"]
[Site "Great Yarmouth ENG"]
[Date "2007.08.02"]
[Round "4"]
[White "Barrett,S"]
[Black "Pert,N"]
[Result "0-1"]
[WhiteElo "2219"]
[BlackElo "2536"]
[EventDate "2007.07.30"]

1. d4 d5 2. Nf3 Nf6 3. c4 c6 4. Nc3 dxc4 5. g3 g6 6. Bg2 Bg7 7. O-O O-O 8.
Ne5 Ng4 9. f4 Nxe5 10. fxe5 c5 11. e3 Nc6 12. Bxc6 bxc6 13. Ne4 cxd4 14.
exd4 Rb8 15. Be3 Bf5 16. Nc5 Rxb2 17. g4 Qd5 18. Rf2 Rxf2 19. Bxf2 Be4 20.
Nxe4 Qxe4 21. Rb1 Rd8 22. Rc1 Bxe5 23. Rxc4 c5 0-1

[Event "94th ch-GBR"]
[Site "Great Yarmouth ENG"]
[Date "2007.08.02"]
[Round "4"]
[White "Aagaard,J"]
[Black "Oswald,G"]
[Result "1-0"]
[WhiteElo "2467"]
[BlackElo "2147"]
[EventDate "2007.07.30"]

1. e4 c5 2. Nf3 d6 3. d4 cxd4 4. Nxd4 Nf6 5. Nc3 a6 6. Be2 e5 7. Nb3 Be7 8.
O-O O-O 9. Kh1 Re8 10. Be3 Be6 11. Nd5 Nbd7 12. f3 Nxd5 13. exd5 Bf5 14.
Qd2 Rc8 15. c4 Bg6 16. Na5 Rc7 17. b4 f5 18. c5 f4 19. Bf2 dxc5 20. d6 Nf6
21. bxc5 Bf8 22. Qb4 Rd7 23. Nxb7 Qb8 24. Bxa6 e4 25. Bd4 exf3 26. gxf3 Ne4
27. Rae1 Nxd6 28. cxd6 Rxe1 29. Rxe1 Bxd6 30. Qb5 Re7 31. Rxe7 Bxe7 32. Qe5
1-0

[Event "94th ch-GBR"]
[Site "Great Yarmouth ENG"]
[Date "2007.08.02"]
[Round "4"]
[White "Conquest,S"]
[Black "Ward,C"]
[Result "1/2-1/2"]
[WhiteElo "2546"]
[BlackElo "2439"]
[EventDate "2007.07.30"]

1. d4 Nf6 2. Nf3 e6 3. g3 b5 4. Bg2 d5 5. O-O Bb7 6. Nbd2 Nbd7 7. a4 b4 8.
c4 bxc3 9. bxc3 Be7 10. c4 c5 11. a5 Rc8 12. Bb2 O-O 13. Qb3 Ba6 14. Rfc1
cxd4 15. Nxd4 Nc5 16. Qe3 Qd7 17. N4f3 Rfd8 18. h3 dxc4 19. Nxc4 Nd5 20.
Qd4 f6 21. Nfd2 e5 22. Qh4 Qe6 23. Qh5 g6 24. Qh6 Nb3 25. Nxb3 Bxc4 26. Nd2
Bxe2 27. Ne4 Ba6 28. Kh2 Nb4 29. Rxc8 Rxc8 30. Rd1 Bb5 31. Ba3 Bc6 32. Rb1
Nd5 33. Bxe7 Nxe7 34. Qh4 Kg7 35. Nc5 Qd6 36. Bxc6 Qxc5 37. Bg2 Qxf2 38.
Rf1 g5 39. Qxg5+ fxg5 40. Rxf2 Rc5 41. a6 Ra5 42. Bb7 h6 43. Rd2 Nf5 44.
Rd7+ Kf6 45. g4 Ra2+ 46. Kg1 Ng3 47. Rd6+ Kg7 48. Rd7+ Kf6 49. Rd6+ Ke7 50.
Rxh6 e4 51. Bd5 Rd2 52. Rh7+ Kf6 53. Bxe4 Nxe4 54. Rxa7 Ra2 55. Ra8 Kg7 56.
Re8 Nf6 57. Re7+ Kg6 58. Re6 Kf7 59. Re5 Kg6 60. Re6 Kg7 61. Re5 Kg6
1/2-1/2

[Event "94th ch-GBR"]
[Site "Great Yarmouth ENG"]
[Date "2007.08.02"]
[Round "4"]
[White "Gormally,D"]
[Black "Briscoe,C"]
[Result "1/2-1/2"]
[WhiteElo "2509"]
[BlackElo "2224"]
[EventDate "2007.07.30"]

1. d4 Nf6 2. c4 e6 3. Nf3 b6 4. g3 Ba6 5. b3 Bb4+ 6. Bd2 Be7 7. Nc3 d5 8.
cxd5 exd5 9. Bg2 O-O 10. O-O Re8 11. Rc1 c6 12. Ne5 Ba3 13. Rc2 Nfd7 14. f4
Nxe5 15. dxe5 d4 16. Ne4 d3 17. exd3 Bxd3 18. Bc3 Bxf1 19. Qxf1 Nd7 20. Rd2
Qe7 21. Qf3 Rad8 22. h4 Nf8 23. Qg4 Rxd2 24. Bxd2 Qe6 25. Nf6+ Kh8 26. f5
Qxe5 27. Nxe8 Qxe8 28. h5 Bc5+ 29. Kh2 Be3 30. Bxc6 Bg1+ 31. Kxg1 Qxc6 32.
h6 gxh6 33. Qd4+ f6 34. Bxh6 Nd7 35. b4 Kg8 36. Qg4+ Kf7 37. Qg7+ Ke8 38.
Qg8+ Ke7 39. Qxh7+ Kd8 40. Bf4 Kc8 41. Qg8+ Kb7 42. Qe6 a5 43. bxa5 bxa5
44. Kh2 Nc5 45. Qe7+ Ka6 46. Be3 Ne4 47. Qe6 Kb7 48. Qb3+ Kc8 49. a4 Nc3
50. Qc2 Kd7 51. Bd4 Ne4 52. Qb3 Ng5 53. Be3 Ne4 54. Qd1+ Kc8 55. Qc1 Kd7
56. Qd1+ Kc8 57. Bf4 Nc3 58. Qb3 Nxa4 59. Be3 Nc3 60. Bd2 Ne4 61. Bxa5 Ng5
62. g4 Qd6+ 63. Kg2 Qc6+ 64. Kh2 1/2-1/2